Statistics for George Clooney Facts Quiz

Click here to take the quiz!

General Stats

  • This quiz has been taken 119 times
  • The average score is 4 of 10

Answer Stats

HintAnswer% Correct
This doctor TV show featured ClooneyER
92%
Tried out for this professional sportBaseball
72%
People Magazine awarded him this title in 1997Sexiest Man Alive
70%
Famously had this type of animal as a petPig
49%
What state was Clooney born in?Kentucky
36%
How tall is George?5'11
34%
Has a home in which Italian placeLago di Como
33%
Acted on this TV sitcom described as a "story of a working class family struggling with life's essential problems"Roseanne
30%
Married this woman in 1989Talia Balsam
23%
Attended this universityNorthern Kentucky University
0%

Score Distribution

Percentile by Number Answered

Percent of People with Each Score

Your Score History

You have not taken this quiz